000
00294nam a22001337a 4500
008
171018b xxu||||| |||| 00| 0 eng d
020
_a
9781884350856
041
_a
eng
080
_a
338
100
_a
53
101
_a
MNG
245
_a
INSTANT CREDIT REPAIR KIT
_c
ANONYMOUS
942
_2
udc
_c
BK
999
_c
34584
_d
34584